[Event "DVM U14 2018"]
[Site "Magdeburg GER"]
[Date "2018.12.29"]
[Round "6"]
[White "Schubert, Nikita"]
[Black "Wagner, Margarethe"]
[Result "1/2-1/2"]
[Termination "normal"]
[Board "4.3"]
[WhiteElo "1969"]
[BlackElo "1693"]
[WhiteClock "00:17:16"]
[BlackClock "00:21:27"]
[WhiteTeam "ESV Gera"]
[BlackTeam "Erfurter SK"]
[PlyCount "92"]
[WhiteFideId "16212339"]
[BlackFideId "16236947"]
[EventCountry "GER"]
[EventRounds "7"]
[EventType "team-swiss"]
[EventDate "2018.12.26"]

1. d4 {[%clk 1:30:58]} Nf6 {[%clk 1:30:51]} 2. c4 {[%clk 1:31:24]} e6 {[%clk
1:30:56]} 3. Nf3 {[%clk 1:31:49]} b6 {[%clk 1:30:18]} 4. g3 {[%clk 1:24:33]}
Bb7 {[%clk 1:29:11]} 5. Bg2 {[%clk 1:24:38]} d6 {[%clk 1:27:30]} 6. O-O {[%clk
1:24:17]} Nbd7 {[%clk 1:25:27]} 7. Nc3 {[%clk 1:22:33]} Be7 {[%clk 1:24:26]} 8.
Qd3 {[%clk 1:19:38]} O-O {[%clk 1:22:59]} 9. e4 {[%clk 1:14:45]} e5 {[%clk
1:20:28]} 10. b3 {[%clk 0:56:38]} a6 {[%clk 1:14:02]} 11. Re1 {[%clk 0:48:31]}
Rb8 {[%clk 1:10:50]} 12. d5 {[%clk 0:43:56]} Nc5 {[%clk 1:07:18]} 13. Qe2
{[%clk 0:39:10]} Bc8 {[%clk 1:04:09]} 14. Nd2 {[%clk 0:35:46]} Bg4 {[%clk
1:00:20]} 15. f3 {[%clk 0:35:46]} Bd7 {[%clk 0:58:05]} 16. f4 {[%clk 0:28:56]}
Qc8 {[%clk 0:45:08]} 17. f5 {[%clk 0:27:13]} h6 {[%clk 0:42:09]} 18. g4 {[%clk
0:19:19]} Nh7 {[%clk 0:39:39]} 19. Nf3 {[%clk 0:17:29]} Qd8 {[%clk 0:38:17]}
20. Be3 {[%clk 0:15:49]} Ng5 {[%clk 0:34:24]} 21. Nd2 {[%clk 0:12:13]} Nb7
{[%clk 0:28:31]} 22. Kh1 {[%clk 0:11:13]} Nh7 {[%clk 0:27:11]} 23. Rg1 {[%clk
0:09:59]} Kh8 {[%clk 0:25:09]} 24. Nf3 {[%clk 0:07:38]} Ng5 {[%clk 0:25:03]}
25. Raf1 {[%clk 0:07:05]} Nc5 {[%clk 0:23:45]} 26. Nd2 {[%clk 0:06:27]} Nh7
{[%clk 0:21:11]} 27. Bf3 {[%clk 0:04:51]} Ng5 {[%clk 0:15:06]} 28. Qg2 {[%clk
0:04:29]} b5 {[%clk 0:13:08]} 29. Be2 {[%clk 0:04:24]} b4 {[%clk 0:12:28]} 30.
Nd1 {[%clk 0:03:44]} Nh7 {[%clk 0:11:27]} 31. Nf2 {[%clk 0:03:21]} Bg5 {[%clk
0:08:20]} 32. Nd1 {[%clk 0:02:48]} a5 {[%clk 0:07:19]} 33. Bxg5 {[%clk
0:01:59]} Qxg5 {[%clk 0:07:20]} 34. Bf3 {[%clk 0:01:47]} Nd3 {[%clk 0:07:04]}
35. Nb1 {[%clk 0:01:31]} Qf6 {[%clk 0:05:55]} 36. Qg3 {[%clk 0:01:20]} Nf4
{[%clk 0:04:59]} 37. h4 {[%clk 0:01:12]} Qe7 {[%clk 0:04:17]} 38. Nf2 {[%clk
0:01:03]} f6 {[%clk 0:04:15]} 39. Nh3 {[%clk 0:01:08]} Nxh3 {[%clk 0:04:21]}
40. Qxh3 {[%clk 0:01:36]} a4 {[%clk 0:02:55]} 41. Bd1 {[%clk 0:27:18]} Ra8
{[%clk 0:31:07]} 42. Rf2 {[%clk 0:25:28]} axb3 {[%clk 0:30:02]} 43. Bxb3 {[%clk
0:24:39]} Ba4 {[%clk 0:29:45]} 44. Rfg2 {[%clk 0:22:21]} Kg8 {[%clk 0:27:55]}
45. Rb2 {[%clk 0:19:47]} Rfb8 {[%clk 0:24:57]} 46. Rg3 {[%clk 0:17:16]} Qd7
{[%clk 0:21:27]} *

[Event "DVM U14 2018"]
[Site "Magdeburg GER"]
[Date "2018.12.29"]
[Round "6"]
[White "Seinsoth, Paul"]
[Black "Helmsdorf, Marius"]
[Result "1-0"]
[Termination "normal"]
[Board "4.4"]
[WhiteElo "1536"]
[BlackElo "1533"]
[WhiteClock "00:20:54"]
[BlackClock "00:14:50"]
[WhiteTeam "Erfurter SK"]
[BlackTeam "ESV Gera"]
[PlyCount "101"]
[WhiteFideId "12994634"]
[BlackFideId "16274873"]
[EventCountry "GER"]
[EventRounds "7"]
[EventType "team-swiss"]
[EventDate "2018.12.26"]

1. e4 {[%clk 1:30:58]} c5 {[%clk 1:30:52]} 2. Nf3 {[%clk 1:31:12]} Nc6 {[%clk
1:31:02]} 3. d4 {[%clk 1:31:04]} cxd4 {[%clk 1:31:26]} 4. Nxd4 {[%clk 1:31:33]}
Nf6 {[%clk 1:31:41]} 5. Nc3 {[%clk 1:31:31]} d6 {[%clk 1:30:51]} 6. Be2 {[%clk
1:26:40]} Bd7 {[%clk 1:28:17]} 7. Be3 {[%clk 1:25:59]} a6 {[%clk 1:27:52]} 8.
Qd2 {[%clk 1:22:22]} e6 {[%clk 1:26:31]} 9. O-O-O {[%clk 1:21:58]} b5 {[%clk
1:22:48]} 10. f3 {[%clk 1:20:27]} b4 {[%clk 1:21:20]} 11. Nb1 {[%clk 1:18:59]}
Nxd4 {[%clk 1:19:25]} 12. Bxd4 {[%clk 1:18:19]} a5 {[%clk 1:19:14]} 13. Bc4
{[%clk 1:13:45]} e5 {[%clk 1:16:14]} 14. Be3 {[%clk 1:08:39]} Be6 {[%clk
1:13:41]} 15. Qe2 {[%clk 1:06:17]} Qc7 {[%clk 1:12:00]} 16. Bxe6 {[%clk
0:52:40]} fxe6 {[%clk 1:12:14]} 17. Rhe1 {[%clk 0:51:47]} Qc6 {[%clk 1:07:54]}
18. Qd3 {[%clk 0:48:40]} Be7 {[%clk 1:04:35]} 19. Nd2 {[%clk 0:45:45]} d5
{[%clk 0:54:04]} 20. exd5 {[%clk 0:42:39]} exd5 {[%clk 0:53:35]} 21. Bg5 {[%clk
0:42:06]} Qe6 {[%clk 0:47:31]} 22. Nb3 {[%clk 0:39:25]} a4 {[%clk 0:46:00]} 23.
Nd4 {[%clk 0:38:46]} Qd6 {[%clk 0:38:36]} 24. Nf5 {[%clk 0:36:09]} Qc7 {[%clk
0:38:27]} 25. Bxf6 {[%clk 0:31:52]} Bxf6 {[%clk 0:38:32]} 26. Qxd5 {[%clk
0:31:45]} Rd8 {[%clk 0:36:15]} 27. Qb5+ {[%clk 0:30:02]} Kf7 {[%clk 0:35:31]}
28. Qxa4 {[%clk 0:29:19]} Rxd1+ {[%clk 0:33:05]} 29. Rxd1 {[%clk 0:29:29]} Rd8
{[%clk 0:33:14]} 30. Qxb4 {[%clk 0:27:50]} Rxd1+ {[%clk 0:33:15]} 31. Kxd1
{[%clk 0:28:19]} Qd7+ {[%clk 0:33:38]} 32. Qd6 {[%clk 0:28:42]} Qxf5 {[%clk
0:33:47]} 33. a4 {[%clk 0:27:33]} e4 {[%clk 0:30:40]} 34. Qc7+ {[%clk 0:26:47]}
Kg6 {[%clk 0:30:53]} 35. Qg3+ {[%clk 0:23:31]} Qg5 {[%clk 0:27:02]} 36. b4
{[%clk 0:21:13]} Qxg3 {[%clk 0:26:29]} 37. hxg3 {[%clk 0:21:42]} exf3 {[%clk
0:24:29]} 38. gxf3 {[%clk 0:22:06]} Be5 {[%clk 0:24:24]} 39. c4 {[%clk
0:21:32]} Kf6 {[%clk 0:18:17]} 40. a5 {[%clk 0:18:53]} Bb8 {[%clk 0:15:48]} 41.
b5 {[%clk 0:17:51]} Ke6 {[%clk 0:14:10]} 42. b6 {[%clk 0:17:41]} Kd7 {[%clk
0:13:49]} 43. a6 {[%clk 0:17:58]} Kc6 {[%clk 0:13:49]} 44. a7 {[%clk 0:18:24]}
Bxa7 45. bxa7 {[%clk 0:18:53]} Kb7 {[%clk 0:14:12]} 46. Kd2 {[%clk 0:19:19]}
Kxa7 {[%clk 0:14:38]} 47. Kd3 {[%clk 0:19:37]} Kb6 {[%clk 0:15:02]} 48. Kd4
{[%clk 0:19:59]} h5 {[%clk 0:14:15]} 49. f4 {[%clk 0:20:14]} Kc6 {[%clk
0:14:26]} 50. f5 {[%clk 0:20:29]} Kd6 {[%clk 0:14:50]} 51. c5+ {[%clk 0:20:54]}
1-0

[Event "DVM U14 2018"]
[Site "Magdeburg GER"]
[Date "2018.12.29"]
[Round "6"]
[White "Gallasch, Jonas"]
[Black "Koll, Linus"]
[Result "1-0"]
[Termination "normal"]
[Board "5.1"]
[WhiteElo "2101"]
[BlackElo "2018"]
[WhiteClock "00:07:24"]
[BlackClock "01:05:01"]
[WhiteTeam "SG Porz"]
[BlackTeam "Karlsruher SF"]
[PlyCount "57"]
[WhiteFideId "16222474"]
[BlackFideId "12990299"]
[EventCountry "GER"]
[EventRounds "7"]
[EventType "team-swiss"]
[EventDate "2018.12.26"]

1. Nf3 {[%clk 1:30:55]} Nf6 {[%clk 1:30:58]} 2. c4 {[%clk 1:31:17]} g6 {[%clk
1:31:26]} 3. d4 {[%clk 1:31:38]} Bg7 {[%clk 1:31:53]} 4. g3 {[%clk 1:31:44]}
O-O {[%clk 1:32:19]} 5. Bg2 {[%clk 1:32:08]} d6 {[%clk 1:32:13]} 6. O-O {[%clk
1:32:30]} Nc6 {[%clk 1:32:29]} 7. Nc3 {[%clk 1:32:42]} e5 8. d5 {[%clk
1:31:20]} Ne7 {[%clk 1:33:05]} 9. e4 {[%clk 1:31:33]} Nh5 {[%clk 1:31:41]} 10.
Ne1 {[%clk 1:21:15]} f5 {[%clk 1:31:57]} 11. Nd3 {[%clk 1:20:20]} b6 {[%clk
1:30:35]} 12. Bd2 {[%clk 1:13:25]} Bd7 {[%clk 1:27:07]} 13. b4 {[%clk 1:04:32]}
Qc8 {[%clk 1:26:30]} 14. exf5 {[%clk 0:51:27]} Bxf5 {[%clk 1:26:17]} 15. Bg5
{[%clk 0:43:36]} Rf7 {[%clk 1:23:34]} 16. Rc1 {[%clk 0:42:18]} h6 {[%clk
1:20:45]} 17. Be3 {[%clk 0:41:17]} Bh3 {[%clk 1:19:08]} 18. Qd2 {[%clk
0:39:54]} Bxg2 {[%clk 1:19:18]} 19. Kxg2 {[%clk 0:40:17]} Nf5 {[%clk 1:19:39]}
20. Ne4 {[%clk 0:35:03]} Nf6 {[%clk 1:17:15]} 21. Nxf6+ {[%clk 0:33:54]} Rxf6
{[%clk 1:17:02]} 22. f4 {[%clk 0:31:50]} Rf7 {[%clk 1:06:14]} 23. fxe5 {[%clk
0:29:03]} dxe5 {[%clk 1:06:30]} 24. Nf2 {[%clk 0:13:08]} Kh7 {[%clk 1:05:48]}
25. Ne4 {[%clk 0:12:44]} Qd7 {[%clk 1:05:12]} 26. Rf2 {[%clk 0:06:27]} Nxe3+
{[%clk 1:04:12]} 27. Qxe3 {[%clk 0:06:36]} Rxf2+ {[%clk 1:04:37]} 28. Qxf2
{[%clk 0:06:59]} Rf8 {[%clk 1:05:01]} 29. Qxf8 {[%clk 0:07:24]} 1-0

[Event "DVM U14 2018"]
[Site "Magdeburg GER"]
[Date "2018.12.29"]
[Round "6"]
[White "Kravtsov, Maksim"]
[Black "Sabirov, Rafael"]
[Result "1/2-1/2"]
[Termination "normal"]
[Board "5.2"]
[WhiteElo "1861"]
[BlackElo "1571"]
[WhiteClock "01:03:43"]
[BlackClock "00:00:47"]
[WhiteTeam "Karlsruher SF"]
[BlackTeam "SG Porz"]
[PlyCount "155"]
[WhiteFideId "54173868"]
[BlackFideId "16241185"]
[EventCountry "GER"]
[EventRounds "7"]
[EventType "team-swiss"]
[EventDate "2018.12.26"]

1. d4 {[%clk 1:28:59]} d5 {[%clk 1:30:57]} 2. Nf3 {[%clk 1:29:12]} e6 {[%clk
1:31:19]} 3. c4 {[%clk 1:29:31]} Nf6 {[%clk 1:31:46]} 4. Nc3 {[%clk 1:29:42]}
Be7 {[%clk 1:32:08]} 5. Bf4 {[%clk 1:29:25]} O-O {[%clk 1:32:12]} 6. e3 {[%clk
1:29:28]} b6 {[%clk 1:32:23]} 7. cxd5 {[%clk 1:29:36]} exd5 {[%clk 1:31:48]} 8.
Bd3 {[%clk 1:29:17]} Bb7 {[%clk 1:32:11]} 9. O-O {[%clk 1:29:08]} Nbd7 {[%clk
1:32:33]} 10. Re1 {[%clk 1:26:01]} c5 {[%clk 1:32:20]} 11. e4 {[%clk 1:24:05]}
dxe4 {[%clk 1:31:52]} 12. Bxe4 {[%clk 1:24:14]} Nxe4 {[%clk 1:30:27]} 13. Nxe4
{[%clk 1:24:27]} cxd4 {[%clk 1:26:27]} 14. Qxd4 {[%clk 1:19:38]} Nc5 {[%clk
1:24:51]} 15. Nxc5 {[%clk 1:12:21]} Bxc5 {[%clk 1:20:39]} 16. Qxd8 {[%clk
1:08:55]} Raxd8 {[%clk 1:18:51]} 17. Be3 {[%clk 1:06:45]} Bxe3 {[%clk 1:08:59]}
18. Rxe3 {[%clk 1:03:58]} Rfe8 {[%clk 1:08:06]} 19. Rae1 {[%clk 0:58:49]} Rxe3
{[%clk 1:00:43]} 20. fxe3 {[%clk 0:58:55]} Bxf3 {[%clk 0:40:13]} 21. gxf3
{[%clk 0:59:19]} Rd2 {[%clk 0:40:27]} 22. Rc1 {[%clk 0:58:50]} g6 {[%clk
0:40:43]} 23. Rc7 {[%clk 0:57:05]} a5 {[%clk 0:39:26]} 24. b3 {[%clk 0:50:47]}
Rxa2 {[%clk 0:38:35]} 25. Rb7 {[%clk 0:50:50]} Re2 {[%clk 0:37:02]} 26. Rxb6
{[%clk 0:51:01]} Rxe3 {[%clk 0:36:56]} 27. Kf2 {[%clk 0:51:25]} Re8 {[%clk
0:34:07]} 28. Rb5 {[%clk 0:51:35]} Ra8 {[%clk 0:33:38]} 29. Kg3 {[%clk
0:51:34]} a4 {[%clk 0:33:25]} 30. bxa4 {[%clk 0:51:57]} Rxa4 {[%clk 0:32:58]}
31. h3 {[%clk 0:50:53]} h6 {[%clk 0:27:48]} 32. Rb6 {[%clk 0:48:26]} Kg7 {[%clk
0:26:15]} 33. Rc6 {[%clk 0:44:07]} g5 {[%clk 0:16:59]} 34. Rb6 {[%clk 0:42:08]}
f6 {[%clk 0:15:15]} 35. Rc6 {[%clk 0:41:41]} Kg6 {[%clk 0:14:52]} 36. Rb6
{[%clk 0:42:00]} Rf4 {[%clk 0:13:06]} 37. Ra6 {[%clk 0:42:13]} h5 {[%clk
0:09:18]} 38. Ra5 {[%clk 0:40:58]} h4+ {[%clk 0:07:37]} 39. Kg2 {[%clk
0:41:23]} Rf5 {[%clk 0:06:52]} 40. Ra6 {[%clk 0:41:38]} Re5 {[%clk 0:05:17]}
41. Ra4 {[%clk 0:41:08]} Kf5 {[%clk 0:16:25]} 42. Rb4 {[%clk 1:11:10]} Re2+
{[%clk 0:15:45]} 43. Kg1 {[%clk 1:11:32]} Rd2 {[%clk 0:15:10]} 44. Re4 {[%clk
1:11:13]} Rd6 {[%clk 0:12:35]} 45. Kg2 {[%clk 1:10:52]} Re6 {[%clk 0:12:21]}
46. Ra4 {[%clk 1:10:56]} Kg6 {[%clk 0:09:15]} 47. Rb4 {[%clk 1:10:07]} f5
{[%clk 0:08:39]} 48. Rb5 {[%clk 1:09:44]} Rf6 {[%clk 0:06:54]} 49. Re5 {[%clk
1:09:25]} Kh5 {[%clk 0:05:31]} 50. Rb5 {[%clk 1:08:33]} Kh6 {[%clk 0:05:00]}
51. Re5 {[%clk 1:08:33]} Kg6 {[%clk 0:05:12]} 52. Rb5 {[%clk 1:08:59]} Re6
{[%clk 0:05:25]} 53. Ra5 {[%clk 1:09:04]} Kf6 {[%clk 0:05:42]} 54. Rb5 {[%clk
1:09:03]} Rd6 {[%clk 0:05:32]} 55. Kf2 {[%clk 1:06:25]} Rd2+ {[%clk 0:03:37]}
56. Kg1 {[%clk 1:06:44]} Ke6 {[%clk 0:03:50]} 57. Ra5 {[%clk 1:02:14]} Rd5
{[%clk 0:04:15]} 58. Ra4 {[%clk 1:01:11]} Ke5 {[%clk 0:04:33]} 59. Kf2 {[%clk
1:01:20]} Rd4 {[%clk 0:04:56]} 60. Ra3 {[%clk 0:59:27]} Kf4 {[%clk 0:05:15]}
61. Rb3 {[%clk 0:59:12]} Rd2+ {[%clk 0:05:09]} 62. Kf1 {[%clk 0:59:12]} Rh2
{[%clk 0:04:48]} 63. Ra3 {[%clk 0:59:35]} Rxh3 {[%clk 0:04:46]} 64. Kg2 {[%clk
1:00:00]} Rg3+ {[%clk 0:05:06]} 65. Kf2 {[%clk 1:00:26]} g4 {[%clk 0:03:55]}
66. Ra4+ {[%clk 1:00:21]} Kg5 {[%clk 0:04:16]} 67. fxg4 {[%clk 1:00:30]} Rxg4
{[%clk 0:04:19]} 68. Ra8 {[%clk 1:00:44]} Kg6 {[%clk 0:01:34]} 69. Ra6+ {[%clk
1:00:52]} Kh5 {[%clk 0:01:41]} 70. Rf6 {[%clk 1:01:00]} Kg5 {[%clk 0:01:33]}
71. Rf8 {[%clk 1:01:26]} Kf4 {[%clk 0:01:39]} 72. Rh8 {[%clk 1:01:39]} Ke4
{[%clk 0:01:04]} 73. Re8+ {[%clk 1:02:05]} Kd5 {[%clk 0:00:51]} 74. Rd8+ {[%clk
1:02:26]} Ke6 {[%clk 0:01:13]} 75. Rh8 {[%clk 1:02:46]} Kf7 {[%clk 0:01:39]}
76. Rh5 {[%clk 1:03:07]} Kg6 {[%clk 0:02:03]} 77. Rh8 {[%clk 1:03:32]} Re4
{[%clk 0:00:47]} 78. Rg8+ {[%clk 1:03:43]} *

[Event "DVM U14 2018"]
[Site "Magdeburg GER"]
[Date "2018.12.29"]
[Round "6"]
[White "Borodaev, Roman"]
[Black "Laudwein, Jakob"]
[Result "1-0"]
[Termination "normal"]
[Board "5.4"]
[WhiteElo "1330"]
[BlackElo "1431"]
[WhiteClock "01:22:39"]
[BlackClock "00:35:32"]
[WhiteTeam "Karlsruher SF"]
[BlackTeam "SG Porz"]
[PlyCount "59"]
[WhiteFideId "16274881"]
[BlackFideId "16258487"]
[EventCountry "GER"]
[EventRounds "7"]
[EventType "team-swiss"]
[EventDate "2018.12.26"]

1. e4 c5 2. Nf3 e6 3. d4 cxd4 4. Nxd4 Nc6 5. Be3 Nge7 6. Nc3 a6 7. Qd2 d5 8. f3
dxe4 9. fxe4 Qc7 10. O-O-O Bd7 11. Bc4 Nxd4 12. Qxd4 Nc6 13. Qb6 Qxb6 14. Bxb6
Be7 15. Rhf1 Ne5 16. Bb3 O-O 17. Bc7 Bg5+ 18. Kb1 Bc6 19. Bxe5 b5 20. Rd6 Bb7
21. Rb6 Ra7 22. Rd1 Be3 23. Bd4 Bxd4 24. Rxd4 h6 25. Rd7 Rb8 26. a4 Kf8 27.
axb5 axb5 28. Nxb5 Ra5 29. Rdxb7 Rba8 30. Rb8+ 1-0

[Event "DVM U14 2018"]
[Site "Magdeburg GER"]
[Date "2018.12.29"]
[Round "6"]
[White "Skabs, Denis"]
[Black "Bui, Bao Anh Le"]
[Result "0-1"]
[Termination "normal"]
[Board "6.1"]
[WhiteElo "1706"]
[BlackElo "2071"]
[WhiteTeam "SF Brackel"]
[BlackTeam "SV Mattnetz Berlin"]
[PlyCount "62"]
[WhiteFideId "16248449"]
[BlackFideId "12970719"]
[EventCountry "GER"]
[EventRounds "7"]
[EventType "team-swiss"]
[EventDate "2018.12.26"]

1. e4 c5 2. d4 cxd4 3. c3 dxc3 4. Nxc3 Nc6 5. Bc4 d6 6. Nf3 a6 7. O-O Nf6 8.
Bf4 Bg4 9. h3 Bh5 10. g4 Bg6 11. Qe2 e6 12. Rfd1 Qb8 13. e5 dxe5 14. Nxe5 Qc8
15. Rac1 Bc5 16. Nxc6 Qxc6 17. b4 Bxb4 18. Bb5 axb5 19. Nxb5 Qe4 20. Nc7+ Ke7
21. Qxe4 Bxe4 22. Nxa8 Rxa8 23. Rc7+ Ke8 24. Rc4 Bf3 25. Rb1 Be7 26. Rc3 Be4
27. Rd1 Nd5 28. Rc4 Bf3 29. Rdd4 b5 30. Rc2 Bf6 31. Rdd2 Nxf4 0-1

[Event "DVM U14 2018"]
[Site "Magdeburg GER"]
[Date "2018.12.29"]
[Round "6"]
[White "Schauties, Nico Antonio"]
[Black "Eberwein, Leander"]
[Result "1-0"]
[Termination "normal"]
[Board "6.2"]
[WhiteElo "1916"]
[BlackElo "1332"]
[WhiteTeam "SV Mattnetz Berlin"]
[BlackTeam "SF Brackel"]
[PlyCount "39"]
[WhiteFideId "16206371"]
[BlackFideId "16274954"]
[EventCountry "GER"]
[EventRounds "7"]
[EventType "team-swiss"]
[EventDate "2018.12.26"]

1. d4 d5 2. c4 e6 3. Nf3 c6 4. e3 Nf6 5. a3 Nbd7 6. Nc3 Be7 7. Bd3 dxc4 8. Bxc4
O-O 9. O-O Nb6 10. Bd3 Nbd5 11. e4 Nxc3 12. bxc3 c5 13. Bb2 b6 14. Qc2 h6 15.
Rfd1 Qc7 16. c4 Bb7 17. d5 exd5 18. Be5 Qd7 19. exd5 Ng4 20. Bf5 1-0

[Event "DVM U14 2018"]
[Site "Magdeburg GER"]
[Date "2018.12.29"]
[Round "6"]
[White "Vetter, Moritz Friedrich"]
[Black "Schnabel, Luise"]
[Result "0-1"]
[Termination "normal"]
[Board "6.3"]
[WhiteElo "1421"]
[BlackElo "1837"]
[WhiteTeam "SF Brackel"]
[BlackTeam "SV Mattnetz Berlin"]
[PlyCount "32"]
[WhiteFideId "16274962"]
[BlackFideId "12943347"]
[EventCountry "GER"]
[EventRounds "7"]
[EventType "team-swiss"]
[EventDate "2018.12.26"]

1. e4 Nf6 2. e5 Nd5 3. d4 d6 4. f4 dxe5 5. fxe5 Bf5 6. Bd3 Bxd3 7. Qxd3 e6 8.
Bd2 c5 9. Qb5+ Nd7 10. c4 Qh4+ 11. g3 Qe4+ 12. Kf2 Qxd4+ 13. Kf3 N5b6 14. Ne2
Qxc4 15. Nec3 a6 16. Qb3 Nxe5+ 0-1

[Event "DVM U14 2018"]
[Site "Magdeburg GER"]
[Date "2018.12.29"]
[Round "6"]
[White "Franz, Franz Theodor"]
[Black "Butusov, Maxim"]
[Result "1-0"]
[Termination "normal"]
[Board "6.4"]
[WhiteElo "1451"]
[BlackElo "957"]
[WhiteTeam "SV Mattnetz Berlin"]
[BlackTeam "SF Brackel"]
[PlyCount "85"]
[WhiteFideId "12992674"]
[BlackFideId "16264320"]
[EventCountry "GER"]
[EventRounds "7"]
[EventType "team-swiss"]
[EventDate "2018.12.26"]

1. e4 e5 2. Nf3 Nc6 3. Bc4 Nf6 4. d4 exd4 5. O-O Bc5 6. e5 d5 7. exf6 dxc4 8.
Re1+ Be6 9. Ng5 Qxf6 10. Nxe6 fxe6 11. Qh5+ Qg6 12. Qxc5 O-O-O 13. Qxc4 e5 14.
Nd2 h5 15. h3 Rh7 16. Ne4 Rdh8 17. Ng5 Rh6 18. Nf7 R8h7 19. Bxh6 gxh6 20. Nxe5
Nxe5 21. Rxe5 Rg7 22. Qe6+ Kd8 23. Qxg6 Rxg6 24. Rae1 Rg8 25. Rxh5 b6 26. Rxh6
c5 27. Rh7 a6 28. Ra7 c4 29. Ra8+ Kd7 30. Rxg8 d3 31. Rd1 b5 32. cxd3 cxd3 33.
Rxd3+ Kc6 34. h4 b4 35. h5 a5 36. h6 a4 37. h7 a3 38. bxa3 bxa3 39. h8=Q Kc5
40. Qc3+ Kb6 41. Rb8+ Ka7 42. Qc7+ Ka6 43. Qb6# 1-0

[Event "DVM U14 2018"]
[Site "Magdeburg GER"]
[Date "2018.12.29"]
[Round "6"]
[White "Glinzner, Alva"]
[Black "Kamp, Adrian"]
[Result "1/2-1/2"]
[Termination "normal"]
[Board "7.1"]
[WhiteElo "1889"]
[BlackElo "1895"]
[WhiteTeam "Lübecker SV"]
[BlackTeam "SK Münster"]
[PlyCount "91"]
[WhiteFideId "16206169"]
[BlackFideId "16222466"]
[EventCountry "GER"]
[EventRounds "7"]
[EventType "team-swiss"]
[EventDate "2018.12.26"]

1. e4 c5 2. Nf3 d6 3. Bb5+ Bd7 4. Bxd7+ Qxd7 5. O-O Nc6 6. c4 g6 7. d4 cxd4 8.
Nxd4 Bg7 9. Be3 Nf6 10. f3 O-O 11. Nc3 Rac8 12. b3 Ne5 13. Rc1 Rfe8 14. Qd2 a6
15. Rfd1 Qc7 16. Qf2 e6 17. Nde2 Nfd7 18. Rd2 Nc5 19. Rcd1 b6 20. Qg3 h5 21. h3
Kh7 22. f4 Nc6 23. Qf3 Ne7 24. Bd4 Qc6 25. Bxg7 Kxg7 26. Nd4 Qb7 27. Re1 Nc6
28. Qf2 Nd7 29. Nf3 Nf6 30. Ng5 b5 31. cxb5 axb5 32. Red1 Qb8 33. f5 exf5 34.
exf5 Ne7 35. Nce4 Nxe4 36. Nxe4 Nxf5 37. Rd5 Qb7 38. Qb2+ Kg8 39. Nf6+ Kf8 40.
Nh7+ Kg8 41. Nf6+ Kf8 42. Nxh5 Ne3 43. Qg7+ Ke7 44. Qf6+ Kf8 45. Qh8+ Ke7 46.
Qf6+ 1/2-1/2

[Event "DVM U14 2018"]
[Site "Magdeburg GER"]
[Date "2018.12.29"]
[Round "6"]
[White "Toval, David"]
[Black "Bornholdt, Joa Max"]
[Result "1/2-1/2"]
[Termination "normal"]
[Board "7.2"]
[WhiteElo "1866"]
[BlackElo "1649"]
[WhiteTeam "SK Münster"]
[BlackTeam "Lübecker SV"]
[PlyCount "62"]
[WhiteFideId "12992755"]
[BlackFideId "16253477"]
[EventCountry "GER"]
[EventRounds "7"]
[EventType "team-swiss"]
[EventDate "2018.12.26"]

1. e4 c6 2. d4 d5 3. exd5 cxd5 4. Bd3 Nc6 5. c3 Nf6 6. Bf4 Bg4 7. Qc2 e6 8. Nd2
Bd6 9. Bg5 Rc8 10. Ngf3 Qd7 11. Bb5 a6 12. Ne5 Bxe5 13. dxe5 Bf5 14. Qb3 Ne4
15. Bxc6 Qxc6 16. Nxe4 Bxe4 17. O-O h6 18. Be3 O-O 19. a4 d4 20. cxd4 Bxg2 21.
Rfc1 Qe4 22. Bd2 Bf3 23. Be3 Be2 24. h3 Qf3 25. Kh2 Rfd8 26. Rg1 Rxd4 27. Rg3
Rd3 28. Qb6 Qd5 29. Rag1 g6 30. Bxh6 Rxg3 31. Rxg3 Bh5 1/2-1/2

[Event "DVM U14 2018"]
[Site "Magdeburg GER"]
[Date "2018.12.29"]
[Round "6"]
[White "Silini, Jalel"]
[Black "Schröder, Lennart"]
[Result "0-1"]
[Termination "normal"]
[Board "7.3"]
[WhiteElo "1717"]
[BlackElo "1762"]
[WhiteTeam "Lübecker SV"]
[BlackTeam "SK Münster"]
[PlyCount "80"]
[WhiteFideId "16215397"]
[BlackFideId "16222490"]
[EventCountry "GER"]
[EventRounds "7"]
[EventType "team-swiss"]
[EventDate "2018.12.26"]

1. e4 c5 2. Nf3 d6 3. Nc3 Nc6 4. d4 cxd4 5. Nxd4 Nf6 6. Be2 g6 7. Be3 Bg7 8.
O-O O-O 9. h3 d5 10. exd5 Nb4 11. Bf3 Nbxd5 12. Nxd5 Nxd5 13. Bxd5 Qxd5 14. c3
b5 15. Qc2 Bxd4 16. Bxd4 Bf5 17. Qe2 Rfe8 18. Rfe1 e5 19. Be3 Qc4 20. Qxc4 bxc4
21. b3 Rec8 22. Rac1 a5 23. f4 cxb3 24. axb3 Rab8 25. fxe5 Rxb3 26. Bd4 a4 27.
Ra1 a3 28. Ra2 Bb1 29. Rd2 a2 30. c4 Rxc4 31. Ba1 Rd3 32. Rb2 Rc8 33. Rf1 Rcd8
34. Kh2 Rd2 35. Rb7 Be4 36. Rb2 Rxb2 37. Bxb2 Rd2 38. Ba1 Rxg2+ 39. Kh1 h5 40.
Rg1 Rf2+ 0-1

[Event "DVM U14 2018"]
[Site "Magdeburg GER"]
[Date "2018.12.29"]
[Round "6"]
[White "Weidemann, Jakob"]
[Black "Maas, Kolja"]
[Result "1/2-1/2"]
[Termination "normal"]
[Board "7.4"]
[WhiteElo "1533"]
[BlackElo "1573"]
[WhiteTeam "SK Münster"]
[BlackTeam "Lübecker SV"]
[PlyCount "41"]
[WhiteFideId "16255470"]
[BlackFideId "16220420"]
[EventCountry "GER"]
[EventRounds "7"]
[EventType "team-swiss"]
[EventDate "2018.12.26"]

1. e4 e5 2. Nf3 Nf6 3. Nxe5 d6 4. Nf3 Nxe4 5. Nc3 Nxc3 6. dxc3 Nc6 7. Be3 Bg4
8. Be2 Be7 9. O-O O-O 10. Nd4 Bxe2 11. Qxe2 Qd7 12. Nxc6 Qxc6 13. Bxa7 Rxa7 14.
Qxe7 Re8 15. Qh4 Ra4 16. Qh3 h6 17. Rfe1 Rxe1+ 18. Rxe1 Rxa2 19. Qc8+ Kh7 20.
Qf5+ Kg8 21. Qc8+ 1/2-1/2

[Event "DVM U14 2018"]
[Site "Magdeburg GER"]
[Date "2018.12.29"]
[Round "6"]
[White "Kirchner, Markus"]
[Black "Meier, Silas"]
[Result "1-0"]
[Termination "normal"]
[Board "8.1"]
[WhiteElo "1928"]
[BlackElo "1758"]
[WhiteTeam "SF Schöneck"]
[BlackTeam "Schachakademie Paderborn"]
[PlyCount "91"]
[WhiteFideId "12979163"]
[BlackFideId "16210662"]
[EventCountry "GER"]
[EventRounds "7"]
[EventType "team-swiss"]
[EventDate "2018.12.26"]

1. e4 e6 2. d4 d5 3. Nd2 Nf6 4. e5 Nfd7 5. Bd3 c5 6. c3 Nc6 7. Ne2 Qb6 8. Nf3
cxd4 9. cxd4 f6 10. exf6 Nxf6 11. O-O Bd6 12. a3 O-O 13. Nc3 e5 14. dxe5 Nxe5
15. Nxe5 Bxe5 16. Nxd5 Nxd5 17. Qh5 Bxh2+ 18. Qxh2 Nf6 19. Bg5 h6 20. Be3 Qxb2
21. Qd6 Qc3 22. Rac1 Qa5 23. Bc4+ Rf7 24. Bxf7+ Kxf7 25. Rc7+ Kg6 26. Qg3+ Bg4
27. f3 Re8 28. Bf4 Qb6+ 29. Kh1 Qb5 30. Rcc1 h5 31. fxg4 hxg4 32. Qh4 Re2 33.
Rfe1 Ra2 34. Be5 Qd5 35. Qg3 Qd7 36. Rcd1 Qc8 37. Bxf6 gxf6 38. Qd3+ f5 39.
Qd6+ Kh5 40. Qh2+ Kg5 41. Rd6 Qf8 42. Rf1 Re2 43. Qf4+ Kh5 44. Rd5 Kh4 45. Rxf5
Qxa3 46. Qh2+ 1-0